02462nam a2200385 i 4500003000900000005001700009007000300026008004100029020001800070040003000088041000800118082002400126100004300150240007100193245012900264264002800393300002800421336002700449337003400476338002800510490003500538500003600573504004000609520091200649590002701561650004501588650003001633700005101663710003901714910001401753942001401767952013601781952014201917999001702059DO-SdBNP20260310131548.0ta240703s2008 mx 000 0 spa d a9789681686338 aDO-SdBNPbspacBNPHUerda aspa 4a320.972 bB328g2221 aBataillon, Gilles,eautor4aut.985941 aGenése des guerres internes en Amérique Centrale (1960-1983) /10aGénesis de las guerras intestinas en América Central (1960-1983) /cGilles Bataillon ; traducción Jorge Alaniz Pinell. 1aMéxico :bFCE,c2003. a612 páginas ;c21 cm. atextobtxt2rdacontent asin mediación bn2rdamedia avolumenbnc2rdacarrier1 aSección de obras de historia aIncluye índice onomástico.  aBibliografía : páginas 509-571 aLa obra indaga en la guerra civil y las otras confrontaciones armadas que estallaron en América Central a fines de los años setenta: imponiéndose una doble tarea: situar el análisis de las causas y del sesgo de esas conflagraciones en el complejo entramado socio histórico de Guatemala, El Salvador y Nicaragua; e impugnar los estereotipos que siguen lastrando el estudio de esas sociedades. Por ejemplo, la etiqueta ya secular de "repúblicas bananeras", que no es la expresión de algún concepto fruto de la historiografía o de la sociología; sino el correlato verbal de los prejuicios que han suplantado la realidad de Centro América, y que continúan deformando su percepción. El ensayo es una reflexión en torno a las actitudes -perplejidad y entusiasmo a la vez - de los países de esa región ante el embate de la modernización, desde el ángulo de sus guerras internas. aInventariado, 2024/ YL 4aNacionalismoxHistoriazAmérica910966 4aHistoria comparada9859431 aAlaniz Pinell, Jorge, etraductor4tr.9859442 aFondo de Cultura Económica99178 aYLockward 2ddccLBS1 00102ddc56708GRaBNPHUbBNPHUcCTd2023-08-04eDonación l0oBNPHU GR 320.972 B328gp2024-4063r2024-07-03w2024-07-03yLBS1 00102ddc56708GRaBNPHUbBNPHUcCTd2023-08-04eDonación l0oBNPHU GR 320.972 B328gp2024-4064r2024-07-03te. 2w2024-07-03yLBS1 c57138d57138